000 00687nam a2200229 i 4500
001 181086
003 ES-MaACL
005 20231008161647.0
008 121016s2011 sp | |||||||| | spa d
020 _a978-84-92635-73-3
080 _a821.134.2-31"19"
100 1 _aRubiales, Montserrat.
_9151628
245 1 4 _aUna copa de tristeza con hielo /
_cMontserrat Rubiales.
250 _a1ª ed.
260 _aMálaga :
_bCorona Borealis,
_c2011.
300 _a389 p. ;
_c23 cm.
490 1 _aColección Morfeo
830 0 _aColección Morfeo
_9224690
852 _aES-MaACL
_jA-12305
_9187969
_bR.148315
_cDEPO1
_dOlim: N-5310
942 _2udc
_cMONOGRAFIA
999 _c181086
_d181086